|
|
|
|
| LEADER |
00000nam0a2200000 4500 |
| 001 |
290670 |
| 005 |
20231102000318.0 |
| 010 |
|
|
|a 313213504
|
| 035 |
|
|
|a (RuTPU)RU\TPU\book\315224
|
| 090 |
|
|
|a 290670
|
| 100 |
|
|
|a 20150408d1982 km y0rusy50 ca
|
| 101 |
0 |
|
|a rus
|
| 102 |
|
|
|a RU
|
| 105 |
|
|
|a a z 001zy
|
| 200 |
1 |
|
|a Organobor-Verbindungen I
|f herausgegeben von R. Koster
|
| 205 |
|
|
|a 4th ed.
|
| 210 |
|
|
|a New York
|c Georg Thieme Verlag Stuttgart
|d 1982
|
| 215 |
|
|
|a 910 s.
|c il.
|
| 225 |
1 |
|
|a Methoden der Organischen Chemie
|v Bd. 8/3a
|
| 320 |
|
|
|a Bibliographie: s. 898-904
|
| 606 |
1 |
|
|a Органические соединения
|x Классификация
|2 stltpush
|3 (RuTPU)RU\TPU\subj\75801
|9 87397
|
| 610 |
1 |
|
|a органическая химия
|
| 610 |
1 |
|
|a методы
|
| 610 |
1 |
|
|a бор
|
| 610 |
1 |
|
|a химические соединения
|
| 610 |
1 |
|
|a борорганические соединения
|
| 610 |
1 |
|
|a водород
|
| 610 |
1 |
|
|a галогены
|
| 610 |
1 |
|
|a кислород
|
| 610 |
1 |
|
|a сера
|
| 610 |
1 |
|
|a селен
|
| 610 |
1 |
|
|a химические реакции
|
| 610 |
1 |
|
|a формулы
|
| 610 |
1 |
|
|a немецкий язык
|
| 675 |
|
|
|a 547.1
|v 3
|
| 702 |
|
1 |
|a Koster
|b R.
|g Roland
|4 340
|
| 801 |
|
1 |
|a RU
|b 63413507
|c 20150408
|
| 801 |
|
2 |
|a RU
|b 63413507
|c 20181229
|g RCR
|
| 942 |
|
|
|c BK
|